Old NFL Cities - Statistics

General Stats
  • This quiz has been taken 19 times
    10 since last reset
  • The average score is 29 of 32
Answer Stats
Hint Answer % Correct
Falcons Atlanta
100%
Patriots Boston
100%
Commanders Boston
100%
Bills Buffalo
100%
Cardinals Chicago
100%
Rams Cleveland
100%
Ravens Cleveland
100%
Chiefs Dallas
100%
Cowboys Dallas
100%
Broncos Denver
100%
Packers Green Bay
100%
Texans Houston
100%
Titans Houston
100%
Jaguars Jacksonville
100%
Chargers Los Angeles
100%
Dolphins Miami
100%
Saints New Orleans
100%
Eagles Philadelphia
100%
Steelers Pittsburgh
100%
Seahawks Seattle
100%
Browns Baltimore
88%
Colts Baltimore
88%
Bengals Cincinnati
88%
Raiders Oakland
88%
49ers San Francisco
88%
Buccaneers Tampa
88%
Giants Manhattan
75%
Jets Queens
75%
Bears Decatur
63%
Lions Portsmouth
50%
Panthers Clemson
38%
Vikings Bloomington
25%
No matching quizzes found
Score Distribution
Percent of People with Each Score
Percentile by Number Answered
Your Score History
You have not taken this quiz since the last reset